Sports Quiz

Random Sports or Baseball Quiz

Silver Sluggers (First Base) Quiz Stats

Quiz Updated Nov 16, 2017

Challenge
Share
Tweet
Embed
Score 0/76 Timer 07:00
2 Plays Today
Year Player % Correct
2004Albert Pujols
96.8%
2008Albert Pujols
96.8%
2009Albert Pujols
96.8%
2007Prince Fielder
95.2%
1990Cecil Fielder
94.4%
1991Cecil Fielder
94.4%
2012Prince Fielder
93.2%
2006Ryan Howard
92.9%
2000Todd Helton
91.7%
2001Todd Helton
91.7%
2002Todd Helton
91.7%
2003Todd Helton
91.7%
2017Paul Goldschmidt
90.4%
2015Miguel Cabrera
88.2%
2016Miguel Cabrera
88%
1994Jeff Bagwell
86.5%
1997Jeff Bagwell
86.5%
1999Jeff Bagwell
86.5%
2015Paul Goldschmidt
86.3%
2016Anthony Rizzo
84.6%
2014Adrian Gonzalez
84.5%
2013Paul Goldschmidt
83.5%
2005Derrek Lee
83.4%
2013Chris Davis
81.9%
2006Justin Morneau
79.8%
2008Justin Morneau
79.8%
1992Mark McGwire
78.5%
1996Mark McGwire
78.5%
1998Mark McGwire
78.5%
2001Jason Giambi
78.3%
2002Jason Giambi
78.3%
1993Frank Thomas
76.3%
1994Frank Thomas
76.3%
2004Mark Teixeira
75.4%
2005Mark Teixeira
75.4%
2009Mark Teixeira
75.4%
2017Eric Hosmer
72.5%
2007Carlos Pena
71%
Year Player % Correct
1985Don Mattingly
69.2%
1986Don Mattingly
69.2%
1987Don Mattingly
69.2%
1999Carlos Delgado
67.8%
2000Carlos Delgado
67.8%
2003Carlos Delgado
67.8%
2014José Abreu
63.2%
1997Tino Martinez
61.5%
2010Albert Pujols
58.4%
1989Fred McGriff
53.5%
1992Fred McGriff
53.5%
1993Fred McGriff
53.5%
1995Mo Vaughn
52.6%
1989Will Clark
52.2%
1991Will Clark
52.2%
1985Jack Clark
52%
1987Jack Clark
52%
1980Keith Hernandez
51.3%
1984Keith Hernandez
51.3%
1998Rafael Palmeiro
50.5%
1988Andres Galarraga
50%
1996Andres Galarraga
50%
2012Adam LaRoche
49.3%
1988George Brett
49.1%
2010Miguel Cabrera
47.8%
1983Eddie Murray
46%
1984Eddie Murray
46%
1990Eddie Murray
46%
2011Prince Fielder
42.4%
1986Glenn Davis
34.4%
2011Adrian Gonzalez
33.1%
1980Cecil Cooper
32.8%
1981Cecil Cooper
32.8%
1982Cecil Cooper
32.8%
1995Eric Karros
32.8%
1981Pete Rose
28.2%
1982Al Oliver
9.9%
1983George Hendrick
8.6%

You're not logged in!

Compare scores with friends on all Sporcle quizzes.
Sign Up with Email
OR
Log In

You Might Also Like...

Show Comments

Extras

Top Quizzes Today


Score Distribution

Your Account Isn't Verified!

In order to create a playlist on Sporcle, you need to verify the email address you used during registration. Go to your Sporcle Settings to finish the process.